<?xml version="1.0" encoding="UTF-8"?>
<record
    xmlns:xsi="http://www.w3.org/2001/XMLSchema-instance"
    xsi:schemaLocation="http://www.loc.gov/MARC21/slim http://www.loc.gov/standards/marcxml/schema/MARC21slim.xsd"
    xmlns="http://www.loc.gov/MARC21/slim">

  <leader>00344nam a2200145Ia 4500</leader>
  <controlfield tag="003">OSt</controlfield>
  <controlfield tag="008">191201s2013    xx            000 0 und d</controlfield>
  <datafield tag="082" ind1=" " ind2=" ">
    <subfield code="a">658.3</subfield>
    <subfield code="b">DWH</subfield>
  </datafield>
  <datafield tag="100" ind1=" " ind2=" ">
    <subfield code="a">DWIVEDI, R.S.</subfield>
  </datafield>
  <datafield tag="245" ind1=" " ind2="0">
    <subfield code="a">Human Relations and Organisational Behaviour</subfield>
  </datafield>
  <datafield tag="260" ind1=" " ind2=" ">
    <subfield code="a">N. Delhi</subfield>
    <subfield code="b">Trinity</subfield>
    <subfield code="c">2013</subfield>
  </datafield>
  <datafield tag="300" ind1=" " ind2=" ">
    <subfield code="a">907</subfield>
  </datafield>
  <datafield tag="650" ind1=" " ind2=" ">
    <subfield code="a">BBA</subfield>
  </datafield>
  <datafield tag="942" ind1=" " ind2=" ">
    <subfield code="2">ddc</subfield>
    <subfield code="c">BK</subfield>
  </datafield>
  <datafield tag="999" ind1=" " ind2=" ">
    <subfield code="c">6259</subfield>
    <subfield code="d">6259</subfield>
  </datafield>
  <datafield tag="952" ind1=" " ind2=" ">
    <subfield code="0">0</subfield>
    <subfield code="1">0</subfield>
    <subfield code="2">ddc</subfield>
    <subfield code="4">0</subfield>
    <subfield code="7">0</subfield>
    <subfield code="8">BBA</subfield>
    <subfield code="a">PIET</subfield>
    <subfield code="b">PIET</subfield>
    <subfield code="d">2015-02-19</subfield>
    <subfield code="e">KIRTI PRAKASHAN, NEW DELHI</subfield>
    <subfield code="g">595.00</subfield>
    <subfield code="k">IN2205</subfield>
    <subfield code="l">0</subfield>
    <subfield code="o">658.3 DWH</subfield>
    <subfield code="p">25669</subfield>
    <subfield code="r">2019-12-04 00:00:00</subfield>
    <subfield code="v">416.50</subfield>
    <subfield code="w">2015-02-14</subfield>
    <subfield code="y">BK</subfield>
  </datafield>
  <datafield tag="952" ind1=" " ind2=" ">
    <subfield code="0">0</subfield>
    <subfield code="1">0</subfield>
    <subfield code="2">ddc</subfield>
    <subfield code="4">0</subfield>
    <subfield code="7">0</subfield>
    <subfield code="8">BBA</subfield>
    <subfield code="a">PIET</subfield>
    <subfield code="b">PIET</subfield>
    <subfield code="d">2015-02-19</subfield>
    <subfield code="e">KIRTI PRAKASHAN, NEW DELHI</subfield>
    <subfield code="g">595.00</subfield>
    <subfield code="k">IN2205</subfield>
    <subfield code="l">2</subfield>
    <subfield code="o">658.3 DWH</subfield>
    <subfield code="p">25670</subfield>
    <subfield code="r">2022-07-15 00:00:00</subfield>
    <subfield code="s">2022-07-01</subfield>
    <subfield code="v">416.50</subfield>
    <subfield code="w">2015-02-14</subfield>
    <subfield code="y">BK</subfield>
    <subfield code="z">.</subfield>
  </datafield>
  <datafield tag="952" ind1=" " ind2=" ">
    <subfield code="0">0</subfield>
    <subfield code="1">0</subfield>
    <subfield code="2">ddc</subfield>
    <subfield code="4">0</subfield>
    <subfield code="7">0</subfield>
    <subfield code="8">BBA</subfield>
    <subfield code="a">PIET</subfield>
    <subfield code="b">PIET</subfield>
    <subfield code="d">2015-02-19</subfield>
    <subfield code="e">KIRTI PRAKASHAN, NEW DELHI</subfield>
    <subfield code="g">595.00</subfield>
    <subfield code="k">IN2205</subfield>
    <subfield code="l">1</subfield>
    <subfield code="o">658.3 DWH</subfield>
    <subfield code="p">25671</subfield>
    <subfield code="r">2025-02-08 00:00:00</subfield>
    <subfield code="s">2024-01-13</subfield>
    <subfield code="v">416.50</subfield>
    <subfield code="w">2015-02-14</subfield>
    <subfield code="y">BK</subfield>
  </datafield>
  <datafield tag="952" ind1=" " ind2=" ">
    <subfield code="0">0</subfield>
    <subfield code="1">0</subfield>
    <subfield code="2">ddc</subfield>
    <subfield code="4">0</subfield>
    <subfield code="7">0</subfield>
    <subfield code="8">BBA</subfield>
    <subfield code="a">PIET</subfield>
    <subfield code="b">PIET</subfield>
    <subfield code="d">2015-02-19</subfield>
    <subfield code="e">KIRTI PRAKASHAN, NEW DELHI</subfield>
    <subfield code="g">595.00</subfield>
    <subfield code="k">IN2205</subfield>
    <subfield code="l">2</subfield>
    <subfield code="o">658.3 DWH</subfield>
    <subfield code="p">25672</subfield>
    <subfield code="r">2024-05-11 00:00:00</subfield>
    <subfield code="s">2024-05-06</subfield>
    <subfield code="v">416.50</subfield>
    <subfield code="w">2015-02-14</subfield>
    <subfield code="y">BK</subfield>
  </datafield>
  <datafield tag="952" ind1=" " ind2=" ">
    <subfield code="0">0</subfield>
    <subfield code="1">0</subfield>
    <subfield code="2">ddc</subfield>
    <subfield code="4">0</subfield>
    <subfield code="7">0</subfield>
    <subfield code="8">BBA</subfield>
    <subfield code="a">PIET</subfield>
    <subfield code="b">PIET</subfield>
    <subfield code="d">2015-09-03</subfield>
    <subfield code="e">KIRTI PRAKASHAN, NEW DELHI</subfield>
    <subfield code="g">495.00</subfield>
    <subfield code="k">IN2288</subfield>
    <subfield code="l">0</subfield>
    <subfield code="o">658.3 DWH</subfield>
    <subfield code="p">25766</subfield>
    <subfield code="r">2019-12-04 00:00:00</subfield>
    <subfield code="v">346.50</subfield>
    <subfield code="w">2015-02-28</subfield>
    <subfield code="y">REF</subfield>
  </datafield>
</record>
